DW adobe dreamweaver CC: (Record no. 158665)

MARC details
000 -LEADER
fixed length control field 00710nam a22002177a 4500
005 - DATE AND TIME OF LATEST TRANSACTION
control field 20181110153908.0
010 ## - LCCN (DPL NO)
LC control number ENG-124472
020 ## - INTERNATIONAL STANDARD BOOK NUMBER
International Standard Book Number 9789352869053
Terms of availability 749.00
035 ## - SYSTEM CONTROL NUMBER
System control number EN-108004
037 ## - SOURCE OF ACQUISITION
Source of stock number/acquisition DBAD/PUB
082 ## - DEWEY DECIMAL CLASSIFICATION NUMBER
Classification number 005.72
100 ## - MAIN ENTRY--PERSONAL NAME
Personal name Maivald, Jim
245 ## - TITLE STATEMENT
Title DW adobe dreamweaver CC:
Remainder of title 2018 release /
Statement of responsibility, etc by Jim Maivald
250 ## - EDITION STATEMENT
Edition statement 2nd ed.
260 ## - PUBLICATION, DISTRIBUTION, ETC. (IMPRINT)
Place of publication, distribution, etc New Delhi
Name of publisher, distributor, etc Pearson
Date of publication, distribution, etc 2018
270 ## - ADDRESS
Address 14 Local Shopping Centre, Panchsheel Park
City New Delhi
Postal code 110017
300 ## - PHYSICAL DESCRIPTION
Extent xi,420p.
Dimensions 27cm. (pbk)
Other physical details ill.
500 ## - GENERAL NOTE
General note It includes appendix: TINY URLS and Index
500 ## - GENERAL NOTE
General note Classroom in a book: the official training workbook from adobe
942 ## - ADDED ENTRY ELEMENTS (KOHA)
Source of classification or shelving scheme Dewey Decimal Classification
Item type English Books
Classification part 005.72
Call number suffix MAI
Holdings
Withdrawn status Lost status Not for loan Collection code Home library Current library Date acquired Source of acquisition Cost, normal purchase price Full call number Barcode Copy number Cost, replacement price Koha item type
    Not For Loan Non-fiction D.B.Act.Division Bawana 12/11/2018 DBAD/PUB 749.00 005.72 MAI EN-108004 1 749.00 English Books

© Delhi Public Library
Hit Counter
free hit counter